banner-ar

DESKTOP PUBLISHING USING VENTUREA: PUBLISHER 3.2 - MACINTOSH VERSION / (Record no. 12009)

MARC details
000 -الفاتح
حقل البيانات ثابتة الطول 00542nam a2200181Ia 4500
008 - عناصر البيانات ثابتة الطول - معلومات عامة
حقل البيانات ثابتة الطول 140319s9999 xx 000 0 eng d
040 ## - مصدر الفهرسة
وكالة الفهرسة الأصلية GCL /
وكالة النسخ GCL
082 04 - رقم تصنيف ديوى العشرى
رقم التصنيف 686.2254434
رقم المادة B D
100 1# - المدخل الرئيسى - إسم شخصى
الإسم الشخصى BRADLEY, JULIA CASE
245 10 - بيان العنوان
العنوان DESKTOP PUBLISHING USING VENTUREA: PUBLISHER 3.2 - MACINTOSH VERSION /
بيان المسئوليه,etc BRADLEY, JULIA CASE
700 1# - المدخل الاضافى - اسم شخصى
الإسم الشخصى FLOYD, JONNE
700 1# - المدخل الاضافى - اسم شخصى
الإسم الشخصى SHERMAN, NANCY
260 ## - PUBLICATION, DISTRIBUTION, ETC. (IMPRINT)
تاريخ النشر أو التوزيع 1993
300 ## - الوصف المادى
التعداد 446 PP
650 04 - المدخل الاضافى بالموضوع-مصطلح موضوعى
مصطلح موضوعي DESKTOP PUBLISHING
942 ## - عناصر المدخل الإضافي( كوها)
مصدر التصنيف او مخطط الترفيف Dewey Decimal Classification
Koha [default] item type كتاب
260 ## - PUBLICATION, DISTRIBUTION, ETC. (IMPRINT)
-- [S.N] :
-- WM. C. BROWIN COMMUNICATIONS, INC ،
Holdings
حالة التراجع حالة الفقد حالة تلف ليس للاعارة المكان المؤقت الموقع الحالى تاريخ الاكتساب اجمالي اﻻعارات رقم الطلب الباركود تاريخ اخر مشاهدة تاريخ تفعيل السعر نوع وعاء كوها
        مكتبة القاهرة الكبرى مكتبة القاهرة الكبرى 03/26/2014   686.2254434\B D 23550 03/26/2014 03/26/2014 كتاب

Powered By

EGPV